Guess the Hamilton song with no hints #1 - Statistics

General Stats
  • This quiz has been taken 95 times
  • The average score is 165 of 281
Answer Stats
lyrics % Correct
a
99%
the
90%
The
90%
he
86%
you
81%
to
79%
Burr
77%
and
75%
we
74%
be
73%
how
73%
its
73%
they
73%
if
71%
on
71%
where
71%
in
70%
no
70%
so
70%
can
68%
sir
68%
that
68%
your
68%
1
67%
1!
67%
for
67%
2
64%
2!
64%
3
64%
3!
64%
4
64%
4!
64%
5
64%
5!
64%
6
64%
6!
64%
7
64%
7!
64%
8
64%
8!
64%
9!
64%
9
64%
one
64%
commandments
63%
duel
63%
have
63%
ten
63%
ten!
63%
Alexander
62%
know
62%
Number
62%
number
62%
this
62%
when
62%
die
60%
him
60%
is
60%
second
60%
that's
60%
or
59%
seconds
59%
time
59%
Aaron
58%
are
58%
Lee
58%
of
58%
place
58%
was
58%
doctor
56%
high
56%
his
56%
men
56%
see
56%
with
56%
around
55%
don't
55%
dry
53%
face
53%
get
53%
has
53%
negotiate
53%
then
53%
we're
53%
need
52%
turn
52%
deniability
51%
friend
51%
man
51%
site
51%
pay
49%
pick
49%
action
48%
agree
48%
but
48%
disputes
48%
further
48%
last
48%
record
48%
send
48%
set
48%
aim
47%
challenge
47%
fire!
47%
life?
47%
meet
47%
most
47%
peace
47%
satisfaction
47%
shoots
47%
there's
47%
advance
45%
apologize
45%
look
45%
okay
45%
sky
45%
straight
45%
words
45%
both
44%
chance
44%
demand
44%
died
44%
doing
44%
duels
44%
eye
44%
immature
44%
many
44%
reckoned
44%
reckoning
44%
some
44%
alright
42%
because
42%
grab
42%
hell
42%
higher
42%
lets
42%
pistols
42%
sure
42%
treat
42%
absurd
41%
all
41%
dumb
41%
reach
41%
answer
40%
been
40%
courage
40%
heaven
40%
inexperienced
40%
kin
40%
pray
40%
require
40%
summon
40%
sun
40%
before
38%
count
38%
'em
38%
ruinous
38%
tell
38%
lieutenant
37%
next
37%
paces!
37%
civility
36%
hang
33%
note
33%
commonplace
32%
leave
32%
opponent
30%
adrenaline
29%
ready
29%
finally
27%
moment
27%
recruits
27%
specially
26%
ya
26%
'tween
22%
sins
19%
confess
18%
No matching quizzes found
Score Distribution
Percent of People with Each Score
Percentile by Number Answered
Your Score History
You have not taken this quiz